Statistics for Random Circular Cutouts of the World Map

Click here to take the quiz!

General Stats

  • This quiz has been taken 54,873 times
  • The average score is 10 of 12

Answer Stats

Answer% Correct
Colombia | Costa Rica | Panama
97%
Finland | Norway | Russia | Sweden
97%
India | Maldives | Sri Lanka
97%
Albania | Bulgaria | Greece | North Macedonia | Turkey
96%
Algeria | Mali | Mauritania | Morocco | Spain
96%
Belgium | France | Germany | Luxembourg | Netherlands | United Kingdom
96%
Brazil | France | Guyana | Suriname | Venezuela
96%
Algeria | Morocco | Portugal | Spain
95%
Australia | Indonesia | Papua New Guinea
95%
China | Japan | North Korea | Russia
95%
Benin | Ghana | Ivory Coast | Nigeria | Togo
94%
Ireland | United Kingdom
93%
Bahamas | Cuba | Dominican Republic | Haiti | Jamaica
92%
Belarus | Estonia | Latvia | Lithuania | Poland | Russia
92%
Italy | Malta | Tunisia
92%
Oman | Saudi Arabia | Somalia | Yemen
92%
Austria | France | Germany | Italy | Liechtenstein | Switzerland
91%
Denmark | Germany | Norway | Sweden
91%
Bahamas | Cuba | United States
90%
Russia | Turkey | Iran | Armenia | Azerbaijan | Georgia
90%
Bahrain | Iran | Oman | Qatar | Saudi Arabia | United Arab Emirates
89%
Gambia | Guinea | Guinea-Bissau | Senegal
89%
Bhutan | China | India | Nepal | Bangladesh
88%
Bolivia | Brazil | Chile | Peru
88%
Brunei | Indonesia | Malaysia | Philippines
88%
Comoros | France | Madagascar | Mauritius
88%
Djibouti | Eritrea | Ethiopia | Somalia | Yemen
88%
Angola | Botswana | Namibia | Zambia | Zimbabwe
87%
Costa Rica | Honduras | Nicaragua
87%
Cambodia | Laos | Thailand | Vietnam
86%
Canada | United States
86%
China | Philippines | Taiwan
86%
Cuba | Mexico | United States
86%
Brazil | Colombia | Ecuador | Peru
85%
Cameroon | Equatorial Guinea | Gabon | São Tomé and Príncipe
85%
Iran | Iraq | Kuwait | Saudi Arabia
85%
Bosnia and Herzegovina | Croatia | Italy | San Marino | Vatican City
84%
Bulgaria | Moldova | Romania | Ukraine | Russia
84%
Chad | Egypt | Libya | Sudan
84%
Afghanistan | India | Iran | Pakistan
83%
Burundi | D.R. Congo | Kenya | Rwanda | Tanzania | Uganda
83%
Botswana | Eswatini | Mozambique | South Africa | Zimbabwe
82%
Comoros | Malawi | Mozambique | Tanzania
82%
China | Kazakhstan | Kyrgyzstan | Tajikistan | Uzbekistan
81%
China | Kazakhstan | Mongolia | Russia
79%
Belize | Guatemala | Mexico
76%
Fiji | Samoa | Tonga
75%
France | Solomon Islands | Vanuatu
71%
China | Laos | Myanmar | Thailand | Vietnam
70%
Kazakhstan | Russia | Ukraine
69%
Argentina | Bolivia | Brazil | Paraguay
68%
Kenya | Tanzania | Uganda
66%
China | Vietnam
63%
Central African Republic | Ethiopia | South Sudan | Sudan
62%
Hungary | Poland | Romania | Slovakia | Ukraine
59%
Grenada | Trinidad and Tobago | Venezuela
58%
Indonesia | Malaysia | Singapore
52%
Belize | El Salvador | Guatemala | Honduras
49%

Score Distribution

Percentile by Number Answered

Percent of People with Each Score

Your Score History

You have not taken this quiz